[Event "Asian-ch Indonesia B2 B3"]
[Site "Cempaka Putih"]
[Date "2018.10.08"]
[Round "4.7"]
[White "Haryanto, M."]
[Black "Cassim, Tuan Mohamet Rushdi"]
[Result "0-1"]
[WhiteElo "1451"]
[BlackElo "1031"]
[PlyCount "78"]
[EventDate "2018.10.07"]
[EventType "swiss"]
[EventRounds "7"]
[EventCountry "INA"]
[SourceTitle "EXT 2024"]
[Source "ChessBase"]
[SourceDate "2023.10.10"]
[SourceVersion "1"]
[SourceVersionDate "2023.10.10"]
[SourceQuality "1"]

1. c4 Nf6 2. Nc3 g6 3. e3 Bg7 4. Nf3 0-0 5. d4 c5 6. d5 d6 7. Be2 e6 8. 0-0 exd5 9. cxd5 b6 10. a3 Bb7 11. e4 a6 12. Qc2 b5 13. Bf4 Re8 14. Nd2 b4 15. axb4 cxb4 16. Nd1 Bxd5 17. exd5 Rxe2 18. Ne3 Nh5 19. Bg3 Nxg3 20. hxg3 Bd4 21. Qd3 Rxe3 22. fxe3 Bxb2 23. Rab1 Bc3 24. Ne4 Qa5 25. Nxc3 bxc3 26. Qxc3 Qxc3 27. Rfc1 Qxe3+ 28. Kh2 Nd7 29. Rc7 Qe8 30. Rc6 a5 31. Rxd6 a4 32. Rc6 a3 33. Rcc1 Qe5 34. Rd1 a2 35. Ra1 Ra5 36. d6 Rd5 37. Re1 Qh5+ 38. Kg1 Rd2 39. Rec1 Qe2 0-1

[Event "Asian-ch Indonesia B2 B3"]
[Site "Cempaka Putih"]
[Date "2018.10.07"]
[Round "1.6"]
[White "Cassim, Tuan Mohamet Rushdi"]
[Black "Subaste, Arman"]
[Result "0-1"]
[WhiteElo "1031"]
[BlackElo "1893"]
[PlyCount "60"]
[EventDate "2018.10.07"]
[EventType "swiss"]
[EventRounds "7"]
[EventCountry "INA"]
[SourceTitle "EXT 2024"]
[Source "ChessBase"]
[SourceDate "2023.10.10"]
[SourceVersion "1"]
[SourceVersionDate "2023.10.10"]
[SourceQuality "1"]

1. e4 c5 2. c3 Nf6 3. e5 Nd5 4. d4 cxd4 5. Nf3 d6 6. cxd4 Nc6 7. Bc4 dxe5 8. dxe5 e6 9. Bxd5 exd5 10. h3 Be7 11. 0-0 0-0 12. Nc3 Be6 13. a3 Rc8 14. Bf4 Na5 15. Nd2 a6 16. Rc1 b5 17. b4 Nc4 18. Nxc4 Rxc4 19. Ne2 Qc7 20. Ng3 a5 21. Rxc4 dxc4 22. Qb1 axb4 23. axb4 Rd8 24. Ne2 Rd3 25. Qb2 Rb3 26. Qa2 Rxb4 27. Nd4 Ra4 28. Nxb5 Qa5 29. Rb1 Rxa2 30. Nd6 Ra1 0-1